00825 2200277 4500001002100000005001700021008004100038020001800079035002400097082001100121090002300132100002800155245009800183250001100281260002900292300002200321440003800343500004700381650002300428700001800451700002000469850001600489980001400505985000600519999002200525YOGYA-0209000004549020090227030906.0 ind  a979-7564-28-2 0010-020900000045490 a808.83 a808.83bDoy KlDEP aDOYLE, Sir Arthur Conan aKacamata emascSir Arthur Conan Doyle ; alih bahasa, Isti Pratiwi, penyunting, Windy Afiyanti aCet. 2 aYogyakartabDelphic2006 axi, 80 hlmc17 cm aSeri pertualangan Sherlack Holmes aJudul asli : The Return of Sherlock Holmes aCerita petualangan aPratiwi, Isti aAfiyanti, Windy aYOPDYOG (M) a20-6-2007 a1 aCB-D.11 2006-739h